| 000 | 00913nam a2200277Ia 4500 | ||
|---|---|---|---|
| 001 | Z_4783 | ||
| 003 | CHAP | ||
| 008 | 220113s1994 xx 000 0 und d | ||
| 010 | _a167835 | ||
| 040 | _cCHAP | ||
| 090 | _aTesis M 884 | ||
| 100 |
_aMiranda Romero, Luis Alberto _976103 |
||
| 245 |
_aEfecto de dos cultivos microbianos (Saccharomyces cerevisiae o Aspergillus oryzae) y dos niveles de fibra detergente neutro en la fermentación ruminal / _cpor Luis Alberto Miranda Romero |
||
| 260 |
_aMontecillo, Méx. : _bEl autor, _c1994 |
||
| 300 | _a103 h. | ||
| 502 | _aTesis (Ing. Agr. Esp. en Zootecnia) -- UACH. Departamento de Zootecnia | ||
| 650 |
_aAlimentos y alimentación del ganado _94326 |
||
| 650 |
_aMaíz _xSubproductos _971064 |
||
| 650 |
_aRumiantes _xAlimentación _9100841 |
||
| 901 | _aTESIS M 884 | ||
| 902 | _aM | ||
| 910 | _a1994 | ||
| 942 | _c2 | ||
| 942 | _c2 | ||
| 999 |
_c167835 _d167835 |
||